zpět

Detail výsledku týmu

U Frigosů, Čelákovice

Datum a čas kvízu

25.5 Celkem bodů Celkový počet nahraných bodů na tomto kvízu bez doplňovacích otázek.
5. Pořadí na kvízu Konečné umístění týmu na tomto kvízu.

Zaznamenané odpovědi

# Otázka Odpověď Body Výsledky
1. Česká pošta vydala u příležito... Jiří Suchý 1
2. Turistům se minulý týden uzavř... Uluru (Ayers Rock) 0
3. Naše nejvýznamnější šansoniérk... 88. narozeniny 0
4. Před měsícem vzbudila rozruch... Google 0
5. Česká tenistka Karolína Muchov... Malý turnaj mistryň 0
6. Druhý díl naší cesty kolem svě... Myanmar (Barma) 0
7. Pokračujeme dále do jihovýchod... Malajsie 0
8. Další dvě otázky budou patřit... Medvídek Pú 0
9. V severní Číně a jižním Mongol... Gobi 1
10. Dnešní putování zakončíme v Mo... z kobylího mléka 0